Capitals by Country - North America - Statistics

General Stats
  • This quiz has been taken 30 times
  • The average score is 18 of 23
Answer Stats
Countries Capitals % Correct
Canada Ottawa
100%
Cuba Havana
90%
Jamaica Kingston
90%
Bahamas Nassau
90%
Panama Panama City
90%
El Salvador San Salvador
90%
United States Washington D.C.
90%
Guatemala Guatemala City
85%
Mexico Mexico City
85%
Dominican Republic Santo Domingo
85%
Belize Belmopan
80%
Barbados Bridgetown
80%
Haiti Port-au-Prince
80%
Costa Rica San José
80%
Antigua &Barbuda St. John's
80%
Nicaragua Managua
75%
Trinidad &Tobago Port-of-Spain
75%
Dominica Roseau
70%
St. Kitts & Nevis Basseterre
65%
St. Lucia Castries
65%
Grenada St. George's
65%
St. Vincent & theGrenadines Kingstown
60%
Honduras Tegucigalpa
60%
No matching quizzes found
Score Distribution
Percent of People with Each Score
Percentile by Number Answered
Your Score History
You have not taken this quiz